000 00430nam a2200157Ia 4500
008 230711s9999||||xx |||||||||||||| ||und||
041 _aENG
082 _a621
_bHO-A
100 _aHopcroft,John E
245 0 _aIntroduction to automata theory language and computation
250 _a1st . Ed.
260 _c1999
_aNew Delhi
_bNarosa Publishing House
650 _aComputer Engineering
700 _aUllman, Jeffrey D
942 _cBK
999 _c3801
_d3801